000 00962nam a2200241 a 4500
001 47894
003 BD-RjUL
005 20211212133053.0
008 160810r19981986bg ||||| |||| 00| 0 ben d
020 _a9844014336
_c: Tk. 80.00
035 _a(BD-RjUL)47894
040 _aBD-RjUL
_bben
_cBD-RjUL
041 _aben
082 _a323.2095492
_bAHS 1998
100 _aআহমদ, বদরুদ্দিন
_9145364
245 1 0 _aস্বাধীনতা সংগ্রামের নেপথ্য কাহিনী /
_cবদরুদ্দিন আহমদ
250 _a১ম আগামী প্রকাশনী সং.
260 _aঢাকা :
_bআগামী প্রকাশনী,
_c১৯৯৮
300 _a১১০, [১] পৃ. ;
_c১৯ সেমি.
651 _aবাংলাদেশ
_xইতিহাস
_y১৯০৫-১৯৭৫
_9246937
651 _aBangladesh
_xHistory
_y1905-1975
_9246938
942 _2ddc
_cBK
999 _c47894
_d47894